ARRUPE JESUIT UNIVERSITY

CORONAVIRUS -STOP THE SPREAD - CLEAN,DISINFECT,COVER

Ancestors in Christ (Record no. 122759)

MARC details
000 -LEADER
fixed length control field 00465nam a22001577a 4500
008 - FIXED-LENGTH DATA ELEMENTS--GENERAL INFORMATION
fixed length control field 150422b xxu||||| |||| 00| 0 eng d
050 ## - LIBRARY OF CONGRESS CALL NUMBER
Classification number GN659.P871
100 ## - MAIN ENTRY--PERSONAL NAME
Personal name Ports, M.
9 (RLIN) 17504
245 ## - TITLE STATEMENT
Title Ancestors in Christ
Statement of responsibility, etc /by Mary Ports
260 ## - PUBLICATION, DISTRIBUTION, ETC. (IMPRINT)
Place of publication, distribution, etc Kampala
Name of publisher, distributor, etc Gaba publications
Date of publication, distribution, etc 1970
300 ## - PHYSICAL DESCRIPTION
Extent xii,19p. ;
Dimensions 25cm.
440 ## - SERIES STATEMENT/ADDED ENTRY--TITLE
Title Spearhead
Number of part/section of a work no.17
9 (RLIN) 17505
650 ## - SUBJECT ADDED ENTRY--TOPICAL TERM
Topical term or geographic name as entry element Ancestors
9 (RLIN) 17506
650 ## - SUBJECT ADDED ENTRY--TOPICAL TERM
Topical term or geographic name as entry element Theology
General subdivision Doctrinal
Geographic subdivision Africa
9 (RLIN) 17507
942 ## - ADDED ENTRY ELEMENTS (KOHA)
Source of classification or shelving scheme Library of Congress Classification
Item type Monograph ( Printed materials)
Holdings
Withdrawn status Lost status Source of classification or shelving scheme Damaged status Not for loan Collection code Home library Current library Shelving location Date acquired Total Checkouts Full call number Barcode Date last seen Price effective from Koha item type
    Library of Congress Classification     Main Collection ARRUPE LIBRARY ARRUPE LIBRARY Main Collection 22/04/2015   GN659.P871 46500004488 09/04/2018 22/04/2015 Monograph ( Printed materials)

 

Arrupe Library. PO Box MP320 Mt Pleasant, Harare, Zimbabwe
263 242 745411|librarian@aju.ac.zw